Investigación en administración para la toma de decisiones
Uloženo v:
| Hlavní autor: | |
|---|---|
| Médium: | Kniha |
| Jazyk: | španělština |
| Vydáno: |
Ciudad de México
International Thomson
2001
|
| Témata: | |
| Tagy: |
Přidat tag
Žádné tagy, Buďte první, kdo vytvoří štítek k tomuto záznamu!
|
MARC
| LEADER | 00000nam a2200000 a 4500 | ||
|---|---|---|---|
| 001 | UCN6721 | ||
| 003 | CL-VaPUC | ||
| 008 | 011005e20010000MX |||||||||||||||||spa|d | ||
| 082 | 0 | 4 | |a 658.403 |b DAV |2 21 |
| 100 | 0 | |a Davis, Duane |e author |9 462482 | |
| 245 | 1 | 0 | |a Investigación en administración para la toma de decisiones |
| 300 | |a 600 p | ||
| 942 | |c BK | ||
| 945 | |d 20011005 00:00:00 |a cmena | ||
| 260 | |a Ciudad de México |b International Thomson |c 2001 | ||
| 650 | 0 | |a Toma de decisiones |9 257530 | |
| 650 | 0 | |a Gestión de la información |9 362327 | |
| 650 | 0 | |a Métodos de investigación |9 262618 | |
| 650 | 0 | |a Planificación estratégica |9 259735 | |
| 583 | |a last modification |c 20011005 00:00:00 |k Rodrigo Vera | ||
| 999 | |c 297404 |d 297402 | ||
| 952 | |0 0 |1 0 |4 0 |6 658_403000000000000_DAV_2001 |7 0 |8 A |9 352115 |a BIBENE |b BIBENE |d 2019-11-21 |i 375135K |o 658.403 DAV 2001 |p 375135K |r 2025-01-15 |w 2019-11-21 |y BK |k ICO | ||